Trichomycterus venulosus (Steindachner, 1915) (Registro nro. 16249)

Detalles MARC
000 -CABECERA
Campo de control 007120000a22002050004500
090 ## - CLASIFICACIÓN LOCAL
Colección AS
Consecutivo SERIADAS
041 0# - IDIOMA
Código de idioma para texto/pista de sonido o título separado
041 0# - IDIOMA
Código de idioma para texto/pista de sonido o título separado
044 ## - PAÍS DE PUBLICACIÓN
País de publicación
100 1# - ASIENTO PRINCIPAL--NOMBRE PERSONAL
Nombre personal Prada Pedreros, Saúl
245 10 - MENCION DE TITULO
Título Trichomycterus venulosus (Steindachner, 1915)
Version posible extint species from the Páramo Cruz Verde (Cundinamarca, Colombia)
651 #4 - ASIENTO SECUNDARIO DE MATERIA - NOMBRE GEOGRAFICO
-- Colombia
-- Páramo de Cruz Verde
653 ## - TERMINO DE INDIZACION - NO CONTROLADO
-- Trichomycterus venulosus
700 1# - ASIENTO SECUNDARIO - NOMBRE PERSONAL
Nombre personal Rivera Rondón, Carlos Alberto
700 1# - ASIENTO SECUNDARIO - NOMBRE PERSONAL
Nombre personal Guerrero Kommritz, Jurgen
773 1# - Item fuente:
Título Biota Colombiana
Descripción física 1
Paginas del Articulo 163-166
Lugar, editorial y fecha de publicación 2006
Información sobre la relación 7
942 ## - ELEMENTOS ADICIONALES (KOHA)
Tipo de ítem Artículo

No hay ítems disponibles.